Kraje z najwyższymi jednodniowymi danymi Covid-19 - Statystyki

Ogólne statystyki
  • Ten quiz został rozwiązany 48 razy
  • Średni wynik to 13 z 21
Statystyki odpowiedzi
kraj % Poprawnych
Stany Zjednoczone
96%
Francja
94%
Rosja
94%
Niemcy
89%
Wielka Brytania
85%
Hiszpania
81%
Włochy
81%
Brazylia
79%
Kanada
77%
Indie
74%
Meksyk
62%
Turcja
53%
Iran
51%
Szwecja
45%
Chile
43%
Peru
43%
Belgia
38%
Arabia Saudyjska
32%
Pakistan
30%
Bangladesz
19%
Katar
15%
Nie znaleziono quizów pasujących do podanych kryteriów
Rozkład punktacji
Procent ludzi z każdym wynikiem
Percentyl według liczby udzielonych odpowiedzi
Twoja historia wyników
Nie rozwiązałeś tego quizu